000 00345pab a2200145 454500
008 180718b1989 xxu||||| |||| 00| 0 eng d
100 _aTaylor, M.
245 _aUndegraduate programmes in police studies
260 _c1989
300 _a128-41
362 _aApr.-Jun.
650 _aPolice - U.K.
773 _aPolice Journal
909 _a15191
999 _c15191
_d15191